000 00893nab a2200217 i 4500
001 768714001
003 CO-MdFUSB
005 20260316101607.0
008 230531s1987 us ||||| |||| 00| 0 eng d
040 _bspa
_aCO-MdFUSB
_cCO-MdFUSB
_dCO-MdFUSB
041 _aeng
100 _aJohnson, Suzan D.
_eautor
245 4 _aThe Church that didn't die
_c/ Suzan D. Johnson
300 _aVolumen 8, número 4 (Fall 1987), páginas 24 - 30
_c; 27 cm.
520 _aIncluso cuando la condición parece terminal, las congregaciones pueden recuperarse. Una pastora cuenta su historia de los esfuerzos de revitalización de la iglesia que tuvieron éxito.
546 _aTexto en Inglés
650 7 _9189
_aCambio social
773 0 _068780
_981987
_oR2475
_tLeadership :
_w(CO-MdFUSB)768714001
_gVolumen 8, número 4 (Fall 1987), páginas 24 - 30
_qpágina 24
942 _cANA
945 _aJTF-925
999 _c68917
_d68917